000
00289nam a2200097Ia 4500
008
240331s9999 xx 000 0 und d
082
_b
AMA
100
_a
Amarasinghe,R
245
0
_a
Twenty Two Years of Devolution :
_b
An Evaluation of the Working of Provincial Councils in Sri Lanka
942
_c
L
999
_c
5767
_d
5767